<?xml version="1.0" encoding="UTF-8"?>
<collection xmlns="http://www.loc.gov/MARC21/slim">
 <record>
  <leader>     na                 </leader>
  <controlfield tag="001">INLIS000000001270596</controlfield>
  <controlfield tag="005">20240129034336</controlfield>
  <datafield tag="035" ind1=" " ind2=" ">
   <subfield code="a">0010-0124000109</subfield>
  </datafield>
  <controlfield tag="006">a    g      000 1</controlfield>
  <controlfield tag="007">ta</controlfield>
  <controlfield tag="008">240129                g          1 ind  </controlfield>
  <datafield tag="040" ind1=" " ind2=" ">
   <subfield code="a">JBPUPMDM</subfield>
   <subfield code="b">ind</subfield>
   <subfield code="c">JBPUPMDM</subfield>
   <subfield code="e">rda</subfield>
  </datafield>
  <datafield tag="100" ind1="0" ind2=" ">
   <subfield code="a">Nara Lahmusi</subfield>
   <subfield code="e">Pengarang</subfield>
   <subfield code="e">Nara Lahmusi</subfield>
   <subfield code="e">Pengarang</subfield>
   <subfield code="e">Pengarang</subfield>
  </datafield>
  <datafield tag="245" ind1="1" ind2=" ">
   <subfield code="a">Gagal cinta kronis /</subfield>
   <subfield code="c">oleh Nara Lahmusi ; editor, Raya Fitrah &amp; Christie Putri W</subfield>
  </datafield>
  <datafield tag="250" ind1=" " ind2=" ">
   <subfield code="a">Cetakan pertama, 2022</subfield>
  </datafield>
  <datafield tag="300" ind1=" " ind2=" ">
   <subfield code="a">322 halaman ;</subfield>
   <subfield code="c">20 cm</subfield>
  </datafield>
  <datafield tag="020" ind1=" " ind2=" ">
   <subfield code="a">978-602-06-6128-5</subfield>
  </datafield>
  <datafield tag="082" ind1=" " ind2=" ">
   <subfield code="a">899.221 3</subfield>
  </datafield>
  <datafield tag="084" ind1=" " ind2=" ">
   <subfield code="a">899.221 3 NAR g</subfield>
  </datafield>
  <datafield tag="264" ind1=" " ind2=" ">
   <subfield code="a">Jakarta :</subfield>
   <subfield code="b">Gramedia Pustaka Utama,</subfield>
   <subfield code="c">2022.</subfield>
  </datafield>
  <datafield tag="336" ind1=" " ind2=" ">
   <subfield code="2">rdacontent</subfield>
   <subfield code="a">teks</subfield>
  </datafield>
  <datafield tag="337" ind1=" " ind2=" ">
   <subfield code="2">rdamedia</subfield>
   <subfield code="a">tanpa perantara</subfield>
  </datafield>
  <datafield tag="338" ind1=" " ind2=" ">
   <subfield code="2">rdacarrier</subfield>
   <subfield code="a">volume</subfield>
  </datafield>
  <datafield tag="520" ind1=" " ind2=" ">
   <subfield code="a">Banyu, pasien gagal ginjal kronis sekaligus bolak-balik gagal hubungan cinta, mendadak ingin mengubah hidupnya dengan proyek bombastis berjudul &quot;Proyek Malaikat&quot;. Dia bertekad meyakinkan para target, bahwa gagal ginjal bukan akhir segalanya. Sayangnya, meskipun mengusung nama Proyek Malaikat, semua yang terlibat tetaplah manusia biasa. Manusia yang rapuh dengan perasaan dan rahasia-rahasia kelam. Manusia yang tak selalu mampu memupus jejak masa lalu yang menyedihkan. Ketika proyek dijalankan kepada target ketiga, aturan penting tersebut nyaris dilanggar. Karena Banyu diam-diam jatuh hati...</subfield>
  </datafield>
  <datafield tag="650" ind1=" " ind2="4">
   <subfield code="a">Fiksi Indonesia</subfield>
  </datafield>
  <datafield tag="700" ind1="0" ind2=" ">
   <subfield code="a">Raya Fitrah</subfield>
   <subfield code="e">editor</subfield>
  </datafield>
  <datafield tag="700" ind1="0" ind2=" ">
   <subfield code="a">Christie Putri W.</subfield>
   <subfield code="e">editor</subfield>
  </datafield>
  <datafield tag="850" ind1=" " ind2=" ">
   <subfield code="a">JBPUPMDM</subfield>
  </datafield>
  <datafield tag="856" ind1=" " ind2=" ">
   <subfield code="x">http://opac.perpusnas.go.id/uploaded_files/sampul_koleksi/original/Monograf/1572563.JPG?rnd=1088991027</subfield>
   <subfield code="y">http://opac.perpusnas.go.id/DetailOpac.aspx?id=1572563</subfield>
  </datafield>
  <datafield tag="990" ind1=" " ind2=" ">
   <subfield code="a">00326/PMDM/2023</subfield>
  </datafield>
  <datafield tag="990" ind1=" " ind2=" ">
   <subfield code="a">00327/PMDM/2023</subfield>
  </datafield>
  <datafield tag="990" ind1=" " ind2=" ">
   <subfield code="a">00328/PMDM/2023</subfield>
  </datafield>
 </record>
</collection>
<pre>An Error occurred while handling another error:
yii\web\HeadersAlreadySentException: Headers already sent in /var/www/html/inlislite3/common/components/MarcHelpers.php on line 193. in /var/www/html/inlislite3/vendor/yiisoft/yii2/web/Response.php:369
Stack trace:
#0 /var/www/html/inlislite3/vendor/yiisoft/yii2/web/Response.php(342): yii\web\Response-&gt;sendHeaders()
#1 /var/www/html/inlislite3/vendor/yiisoft/yii2/web/ErrorHandler.php(136): yii\web\Response-&gt;send()
#2 /var/www/html/inlislite3/vendor/yiisoft/yii2/base/ErrorHandler.php(152): yii\web\ErrorHandler-&gt;renderException(Object(yii\web\HeadersAlreadySentException))
#3 [internal function]: yii\base\ErrorHandler-&gt;handleException(Object(yii\web\HeadersAlreadySentException))
#4 {main}
Previous exception:
yii\web\HeadersAlreadySentException: Headers already sent in /var/www/html/inlislite3/common/components/MarcHelpers.php on line 193. in /var/www/html/inlislite3/vendor/yiisoft/yii2/web/Response.php:369
Stack trace:
#0 /var/www/html/inlislite3/vendor/yiisoft/yii2/web/Response.php(342): yii\web\Response-&gt;sendHeaders()
#1 /var/www/html/inlislite3/vendor/yiisoft/yii2/base/Application.php(390): yii\web\Response-&gt;send()
#2 /var/www/html/inlislite3/opac/index.php(26): yii\base\Application-&gt;run()
#3 {main}</pre><br />
<b>Warning</b>:  file_put_contents(/var/www/html/inlislite3/opac/runtime/debug/69f112e43397c.data): failed to open stream: Permission denied in <b>/var/www/html/inlislite3/vendor/yiisoft/yii2-debug/src/LogTarget.php</b> on line <b>74</b><br />
